Stranger Things - Protagonistes par images - Statistiques

Statistiques générales
  • Ce quiz a été pris 108 fois
  • Le résultat moyen est 13 sur 14
Statistiques - réponses
Par images Réponse % Correct
Mike Wheeler
100%
Dustin Henderson
99%
Jane Hopper
99%
Max Mayfield
99%
Will Byers
99%
Lucas Sinclair
98%
Nancy Wheeler
98%
Steve Harrington
98%
Eddie Munson
95%
Jonathan Byers
95%
Joyce Byers
95%
Erica Sinclair
92%
Robin Buckley
92%
Jim Hopper
91%
Aucun quiz correspondant
Distribution des résultats
% des personnes avec chaque résultat
Percentile par nombre de réponses
Votre historique - résultats
Vous n’avez pas pris ce quiz